Теория и методы расчета молекулярных процессов: спектры, химические превращения и молекулярная логика

מידע ביבליוגרפי
מחבר ראשי: Грибов Л. А. Лев Александрович
מחברים אחרים: Баранов В. И. Виктор Иванович
סיכום:Монография, базирующаяся на результатах исследований авторов, посвящена последовательному изложению единой теории молекулярных процессов как спектральной, так и химической природы. Развитый подход основан на введении энергетических матриц, объединяющих характеристики состояний молекулярных подсистем разного типа. Для описания процессов предлагается совокупность кинетических дифференциальных уравнений первого порядка, коэффициентами которых являются вероятности спектральных и безызлучательных химических превращений. Показано, что с одной и той же точки зрения удается описать важнейшие особенности, наблюдающиеся в оптических спектрах высокого временного разрешения (пико- и фемтосекундных), при фотоизомеризации, при химических превращениях. На базе первых принципов выводится закон Аррениуса, обосновывается правило локальности химических превращений в больших молекулах (реакционные центры) и т. д. Анализ следствий общей теории позволяет сформулировать простые правила хода химических реакций и поиска их путей. Исследуется механизм передачи информации и энергии в молекулярном пространстве. Специальная глава посвящена вопросам преобразования молекулами входной информации, включая заданную в нечетком виде, распознаванию молекулами образов, действию молекулярных логических элементов и др. Показаны целесообразность и пути развития на той же теоретической основе нового направления — молекулярной логики — с целью создания молекулярных приемно-преобразующих информационных систем. Книга рассчитана на специалистов в области квантовой химии и теории оптических спектров сложных молекул, аспирантов и студентов старших курсов физических и химических факультетов вузов.
שפה:רוסית
יצא לאור: Москва, КомКнига, 2006
נושאים:
פורמט: MixedMaterials ספר
KOHA link:https://koha.lib.tpu.ru/cgi-bin/koha/opac-detail.pl?biblionumber=109224

MARC

LEADER 00000nam0a2200000 4500
001 109224
005 20231101214844.0
010 |a 5484006929 
035 |a (RuTPU)RU\TPU\book\117903 
090 |a 109224 
100 |a 20070201d2006 k y0rusy50 ca 
101 0 |a rus 
102 |a RU 
105 |a y z 001zy 
200 1 |a Теория и методы расчета молекулярных процессов: спектры, химические превращения и молекулярная логика  |f Л. А. Грибов, В. И. Баранов 
210 |a Москва  |c КомКнига  |d 2006 
215 |a 480 с. 
320 |a Библиогр.: с. 475-477. 
330 |a Монография, базирующаяся на результатах исследований авторов, посвящена последовательному изложению единой теории молекулярных процессов как спектральной, так и химической природы. Развитый подход основан на введении энергетических матриц, объединяющих характеристики состояний молекулярных подсистем разного типа. Для описания процессов предлагается совокупность кинетических дифференциальных уравнений первого порядка, коэффициентами которых являются вероятности спектральных и безызлучательных химических превращений. Показано, что с одной и той же точки зрения удается описать важнейшие особенности, наблюдающиеся в оптических спектрах высокого временного разрешения (пико- и фемтосекундных), при фотоизомеризации, при химических превращениях. На базе первых принципов выводится закон Аррениуса, обосновывается правило локальности химических превращений в больших молекулах (реакционные центры) и т. д. Анализ следствий общей теории позволяет сформулировать простые правила хода химических реакций и поиска их путей. Исследуется механизм передачи информации и энергии в молекулярном пространстве. Специальная глава посвящена вопросам преобразования молекулами входной информации, включая заданную в нечетком виде, распознаванию молекулами образов, действию молекулярных логических элементов и др. Показаны целесообразность и пути развития на той же теоретической основе нового направления — молекулярной логики — с целью создания молекулярных приемно-преобразующих информационных систем. Книга рассчитана на специалистов в области квантовой химии и теории оптических спектров сложных молекул, аспирантов и студентов старших курсов физических и химических факультетов вузов. 
606 1 |a Квантовая химия  |2 stltpush  |3 (RuTPU)RU\TPU\subj\69462  |9 84313 
610 1 |a молекулярные процессы 
610 1 |a расчет 
610 1 |a химические реакции 
610 1 |a формально-логическое мышление 
610 1 |a неадиабатическое приближение 
610 1 |a молекулы 
610 1 |a колебательные спектры 
610 1 |a изомеризация 
610 1 |a мономолекулярные реакции 
610 1 |a матричные элементы 
610 1 |a кинетика 
610 1 |a биомолекулярные реакции 
610 1 |a химические превращения 
610 1 |a молекулярная логика 
675 |a 544.18  |v 3 
700 1 |a Грибов  |b Л. А.  |g Лев Александрович 
701 1 |a Баранов  |b В. И.  |g Виктор Иванович 
801 1 |a RU  |b 63413507  |c 20070201  |g PSBO 
801 2 |a RU  |b 63413507  |c 20150521  |g PSBO 
942 |c BK